La Diputación y el deporte : manifestaciones de don J. A. Samaranch / manifestaciones de don J. A. Samaranch /
Colección:
San Jorge,
; núm. 22 (abril 1956), pàg 46-48
Otros Autores:
Samaranch, Joan Antoni, 1920-2010
Materias:
Barcelona (Catalunya : Província). -- Diputació
; Barcelona (Catalunya : Província) -- Política esportiva
Idioma:
Español
MARC
| LEADER | 00000naa a2200000 a 4500 | ||
|---|---|---|---|
| 003 | Arxiu | ||
| 005 | 20260324181507.0 | ||
| 008 | 160829s1956 spcaxx s spa c | ||
| 040 | |a AGDB | ||
| 100 | 1 | |a Gallo, Federico |9 29478 | |
| 245 | 1 | 3 | |a La Diputación y el deporte : |b manifestaciones de don J. A. Samaranch / |c Federico Gallo |
| 490 | |a San Jorge, |v núm. 22 (abril 1956), pàg 46-48 | ||
| 500 | |a Inclou declaracions del president de la Comisión de Deportes de la Diputació de Barcelona: Juan Antonio Samaranch | ||
| 610 | 1 | 0 | |a Barcelona (Catalunya : Província). |b Diputació |9 52408 |
| 651 | 0 | |9 56332 |a Barcelona (Catalunya : Província) |x Política esportiva | |
| 700 | 1 | |9 34366 |a Samaranch, Joan Antoni, |d 1920-2010 |e autor | |
| 773 | |g Núm. 22 (abril 1956), pàg 46-48 |t San Jorge. | ||
| 901 | |a Arxiu | ||
| 942 | |n 1 |2 udc |c ART | ||
| 952 | |0 0 |1 0 |4 0 |6 REV511 |7 1 |9 66269 |a Arxiu |b Arxiu |d 2023-05-08 |l 0 |o Rev-511 |r 2023-05-08 00:00:00 |w 2023-05-08 |y ARXIU |z També disponible a Rev-525 | ||
| 999 | |c 47956 |d 47956 | ||